[Event "Aeroflot Open A 2016"]
[Site "Moscow RUS"]
[Date "2016.03.04"]
[Round "4.17"]
[White "Antipov, Mikhail Al"]
[Black "Kobalia, Mikhail"]
[Result "1/2-1/2"]
[WhiteElo "2573"]
[BlackElo "2632"]
[PlyCount "130"]
[EventDate "2016.03.01"]

1. e4 e5 2. Nf3 Nc6 3. Bb5 Nf6 4. d3 Bc5 5. Bxc6 dxc6 6. Nbd2 Be6 7. Nb3 Bd6 8.
Qe2 Qe7 9. h3 c5 10. Na5 Bc8 11. Bd2 Nd7 12. c3 Nb8 13. d4 cxd4 14. cxd4 exd4
15. e5 Bc5 16. O-O Bb6 17. Nc4 Nc6 18. b4 Nxb4 19. Nd6+ cxd6 20. Bxb4 Bc5 21.
Nxd4 Bxb4 22. Qb5+ Kf8 23. Qxb4 dxe5 24. Qxe7+ Kxe7 25. Rfe1 Kf6 26. Nf3 Re8
27. Rab1 b6 28. Rb5 e4 29. Nd4 Bd7 30. Rd5 Rad8 31. f3 e3 32. Nc2 Be6 33. Rxd8
Rxd8 34. Nxe3 Bxa2 35. Ng4+ Kf5 36. h4 h6 37. h5 Kg5 38. Re5+ f5 39. Ne3 Rf8
40. Kf2 g6 41. g4 Kf6 42. f4 fxg4 43. Nxg4+ Kg7 44. Kg3 Bb1 45. hxg6 Bxg6 46.
Rd5 a5 47. Rb5 a4 48. Rxb6 Ra8 49. Rb7+ Kf8 50. Nxh6 Be4 51. Rb4 Bd5 52. Rb5
Bb3 53. Nf5 a3 54. Nd4 Bf7 55. Rb1 a2 56. Ra1 Rb8 57. Kf3 Rb1 58. Nc2 Ke7 59.
Ke3 Kf6 60. Ke4 Be6 61. Kd4 Kf5 62. Ke3 Bd5 63. Kd4 Bb3 64. Kc3 Kxf4 65. Na3
Ke5 1/2-1/2

[Event "Aeroflot Open A 2016"]
[Site "Moscow RUS"]
[Date "2016.03.04"]
[Round "4.19"]
[White "Jobava, Baadur"]
[Black "Lalith, Babu M R"]
[Result "1/2-1/2"]
[WhiteElo "2676"]
[BlackElo "2573"]
[PlyCount "116"]
[EventDate "2016.03.01"]

1. b3 e5 2. Bb2 Nc6 3. e3 g6 4. f4 Bg7 5. Nf3 d6 6. fxe5 Nge7 7. Nc3 Nxe5 8.
Nxe5 Bxe5 9. Qf3 d5 10. O-O-O Be6 11. h3 Qd7 12. Ne2 Bxb2+ 13. Kxb2 O-O 14. Qf6
a5 15. Nf4 a4 16. b4 a3+ 17. Ka1 Nf5 18. g4 Qe7 19. Qxe7 Nxe7 20. Be2 Kg7 21.
h4 h6 22. c3 Ng8 23. Bf3 c6 24. Rdg1 Rfe8 25. Kb1 f6 26. Nxe6+ Rxe6 27. b5 Ne7
28. bxc6 bxc6 29. Kc2 f5 30. Rb1 Ra7 31. g5 Nc8 32. Rhg1 hxg5 33. hxg5 Ree7 34.
Be2 Nd6 35. Rb6 Rec7 36. Ba6 Ne4 37. Rgb1 Nxg5 38. Bb7 f4 39. exf4 Ne6 40. Rxc6
Rxc6 41. Bxc6 Nxf4 42. Rb5 Kf6 43. Bxd5 Nxd5 44. Rxd5 Rb7 45. c4 Rb2+ 46. Kc3
Rxa2 47. Kb3 Ra1 48. c5 g5 49. d4 g4 50. Rd6+ Kf7 51. Rd7+ Kf6 52. Rd8 Kf7 53.
Rd5 g3 54. Rg5 Rd1 55. Rxg3 Rxd4 56. Re3 a2 57. Kxa2 Rd5 58. Rc3 Ke7 1/2-1/2

[Event "Aeroflot Open A 2016"]
[Site "Moscow RUS"]
[Date "2016.03.04"]
[Round "4.20"]
[White "Oparin, Grigoriy"]
[Black "Artemiev, Vladislav"]
[Result "0-1"]
[WhiteElo "2572"]
[BlackElo "2674"]
[PlyCount "100"]
[EventDate "2016.03.01"]

1. e4 c5 2. Nf3 d6 3. d4 cxd4 4. Nxd4 Nf6 5. Nc3 a6 6. g3 g6 7. Bg2 Bg7 8. O-O
O-O 9. Nd5 Nc6 10. Ne2 Rb8 11. a4 b5 12. axb5 axb5 13. Bg5 Nd7 14. Qc1 Re8 15.
h3 b4 16. Ra2 Nc5 17. b3 Ba6 18. Qd2 Bb5 19. Rd1 Qc8 20. Re1 Rb7 21. Kh2 Qb8
22. Qe3 Nd7 23. Bh6 Bh8 24. Qd2 Rc8 25. Bg5 Re8 26. Bh6 e6 27. Ne3 Bxe2 28.
Qxe2 Nd4 29. Qf1 Ra7 30. Rxa7 Qxa7 31. Rd1 Qc5 32. Qa6 Ne5 33. Kh1 Bg7 34. Bxg7
Kxg7 35. f4 Nec6 36. Qd3 Ra8 37. g4 Ra2 38. g5 Nxc2 39. Nxc2 Rxc2 40. f5 Rc1
41. f6+ Kg8 42. Qd2 Rxd1+ 43. Qxd1 h6 44. gxh6 Kh7 45. Qa1 Nd4 46. Qd1 Qc3 47.
h4 Kxh6 48. h5 g5 49. Kh2 Qe3 50. Kh1 Qf2 0-1

[Event "Aeroflot Open A 2016"]
[Site "Moscow RUS"]
[Date "2016.03.04"]
[Round "4.21"]
[White "Safarli, Eltaj"]
[Black "Shyam, Sundar M"]
[Result "1/2-1/2"]
[WhiteElo "2663"]
[BlackElo "2523"]
[PlyCount "82"]
[EventDate "2016.03.01"]

1. e4 e5 2. Nf3 Nc6 3. Bb5 a6 4. Ba4 Nf6 5. O-O Be7 6. Re1 b5 7. Bb3 d6 8. c3
O-O 9. h3 Nb8 10. d4 Nbd7 11. Nbd2 Bb7 12. Bc2 Re8 13. Nf1 Bf8 14. Ng3 g6 15.
a4 c5 16. d5 c4 17. Bg5 h6 18. Be3 Nc5 19. Qd2 h5 20. Ra3 Qc7 21. Rea1 Reb8 22.
Bh6 Qd8 23. Bxf8 Qxf8 24. Qg5 Nh7 25. Qe3 Qe7 26. R1a2 Kg7 27. Qc1 Qd8 28. Qe3
Qe7 29. Nd2 Qd7 30. Ra1 Qd8 31. Ne2 Nf6 32. Nc1 Ne8 33. Ne2 Nf6 34. Kh1 Qe7 35.
Kg1 Re8 36. Nc1 Nfd7 37. Na2 Nb6 38. axb5 axb5 39. Nb4 Rxa3 40. Rxa3 Ra8 41.
Rxa8 Bxa8 1/2-1/2

[Event "Aeroflot Open A 2016"]
[Site "Moscow RUS"]
[Date "2016.03.04"]
[Round "4.22"]
[White "Motylev, Alexander"]
[Black "Lei, Tingjie"]
[Result "1-0"]
[WhiteElo "2655"]
[BlackElo "2495"]
[PlyCount "95"]
[EventDate "2016.03.01"]

1. e4 e5 2. Nf3 Nf6 3. d4 Nxe4 4. dxe5 d5 5. Nbd2 Be7 6. c4 O-O 7. cxd5 Qxd5 8.
Bc4 Qc6 9. Qe2 Nxd2 10. Bxd2 Be6 11. Bd3 Nd7 12. O-O Bg4 13. Rac1 Bxf3 14. gxf3
Qe6 15. f4 c6 16. Bc4 Qg6+ 17. Kh1 Nc5 18. Rg1 Qf5 19. Qg4 Qxg4 20. Rxg4 Rfd8
21. Be3 Nd3 22. Bxd3 Rxd3 23. f5 g6 24. f6 Bf8 25. Kg2 a6 26. h4 Re8 27. Re4 h5
28. Kf1 Rd5 29. f4 Red8 30. Ke2 Kh7 31. Rec4 Rb5 32. R1c2 Kg8 33. Kf3 Rdd5 34.
Ke4 Rd1 35. Rd4 Rxd4+ 36. Bxd4 Rb4 37. Kd3 Bh6 38. Rf2 c5 39. Be3 b6 40. a3 Ra4
41. Ke2 Kf8 42. Kf3 Ke8 43. Rg2 Rc4 44. f5 Bxe3 45. fxg6 fxg6 46. Kxe3 Kf7 47.
Rd2 Rc1 48. Rd7+ 1-0

[Event "Aeroflot Open A 2016"]
[Site "Moscow RUS"]
[Date "2016.03.04"]
[Round "4.23"]
[White "Pichot, Alan"]
[Black "Hovhannisyan, Robert"]
[Result "0-1"]
[WhiteElo "2542"]
[BlackElo "2636"]
[PlyCount "106"]
[EventDate "2016.03.01"]

1. e4 c6 2. d4 d5 3. Nc3 dxe4 4. Nxe4 Bf5 5. Ng3 Bg6 6. Nh3 Nd7 7. Nf4 Ngf6 8.
h4 e5 9. dxe5 Qa5+ 10. c3 Qxe5+ 11. Qe2 Bc5 12. h5 Bc2 13. Be3 Bxe3 14. Qxe3
Qxe3+ 15. fxe3 h6 16. Bd3 Bxd3 17. Nxd3 O-O 18. O-O-O Rfe8 19. Nf5 Ne5 20. Nf2
Rad8 21. Rd4 c5 22. Rd6 Kf8 23. Rhd1 Rxd6 24. Nxd6 Rb8 25. Nde4 Ned7 26. Nxf6
Nxf6 27. g4 Re8 28. Kd2 Rd8+ 29. Ke2 Rxd1 30. Kxd1 Nd7 31. Ke2 Ne5 32. Kf1 Nc4
33. Nd1 Ke7 34. b3 Ne5 35. Nf2 Ke6 36. e4 c4 37. bxc4 Kd6 38. Ke2 Kc5 39. Nd3+
Nxd3 40. Kxd3 a5 41. e5 a4 42. Ke4 Kxc4 43. e6 fxe6 44. Ke5 Kxc3 45. Kxe6 b5
46. Kf7 b4 47. Kxg7 b3 48. Kxh6 bxa2 49. g5 a1=Q 50. g6 Kb4 51. g7 Qf6+ 52. Kh7
Qf7 53. h6 a3 0-1

[Event "Aeroflot Open A 2016"]
[Site "Moscow RUS"]
[Date "2016.03.04"]
[Round "4.24"]
[White "Xu, Yinglun"]
[Black "Khalifman, Alexander"]
[Result "1/2-1/2"]
[WhiteElo "2518"]
[BlackElo "2624"]
[PlyCount "53"]
[EventDate "2016.03.01"]

1. c4 c5 2. Nf3 Nf6 3. Nc3 Nc6 4. g3 g6 5. d4 cxd4 6. Nxd4 Bg7 7. Bg2 O-O 8.
O-O Nxd4 9. Qxd4 d6 10. Qd3 a6 11. Bd2 Bd7 12. a4 a5 13. Qc2 Bc6 14. Rad1 Qc8
15. e4 Re8 16. b3 Nd7 17. Be3 Nc5 18. Nd5 Bxd5 19. Rxd5 b6 20. f4 Rb8 21. Kh1
Qc7 22. Bg1 Red8 23. Rdd1 Rf8 24. Rfe1 Rfd8 25. Rf1 Rf8 26. Rfe1 Rfd8 27. Rf1
1/2-1/2

[Event "Aeroflot Open A 2016"]
[Site "Moscow RUS"]
[Date "2016.03.04"]
[Round "4.25"]
[White "Khismatullin, Denis"]
[Black "Esipenko, Andrey"]
[Result "0-1"]
[WhiteElo "2621"]
[BlackElo "2445"]
[PlyCount "72"]
[EventDate "2016.03.01"]

1. c4 c5 2. Nf3 Nc6 3. Nc3 e5 4. g3 g6 5. Bg2 Bg7 6. O-O Nge7 7. a3 d6 8. Rb1
a5 9. d3 O-O 10. Bd2 h6 11. Ne1 Be6 12. Nc2 d5 13. cxd5 Nxd5 14. Ne3 Nde7 15.
Na4 b6 16. b4 cxb4 17. axb4 b5 18. Nc5 Ba2 19. bxa5 Bxb1 20. Qxb1 Nd4 21. Re1
Ra7 22. Nc2 Nxc2 23. Qxc2 Qc7 24. Rc1 Rxa5 25. Bxa5 Qxa5 26. Nb7 Qa6 27. Qb3
Nf5 28. e3 Qb6 29. Rc5 b4 30. Rc4 Ra8 31. Bf3 Nxe3 32. Rc1 Ra3 33. Qb1 e4 34.
Bxe4 Ra1 35. Qxa1 Bxa1 36. Rxa1 Ng4 0-1

[Event "Aeroflot Open A 2016"]
[Site "Moscow RUS"]
[Date "2016.03.04"]
[Round "4.26"]
[White "Predke, Alexandr"]
[Black "Eliseev, Urii"]
[Result "1-0"]
[WhiteElo "2508"]
[BlackElo "2601"]
[PlyCount "73"]
[EventDate "2016.03.01"]

1. e4 e5 2. Nf3 Nc6 3. Bb5 a6 4. Ba4 Nf6 5. O-O Be7 6. Re1 b5 7. Bb3 O-O 8. h3
Bb7 9. d3 d6 10. c3 Re8 11. Nbd2 Bf8 12. Nf1 h6 13. Ng3 Na5 14. Bc2 c5 15. d4
cxd4 16. cxd4 exd4 17. Nxd4 g6 18. Bf4 Rc8 19. b3 Nc6 20. Nxc6 Bxc6 21. Qd2 d5
22. e5 Ne4 23. Bxe4 dxe4 24. Qxd8 Rcxd8 25. Rac1 Ba8 26. Nxe4 Bxe4 27. Rxe4 g5
28. Be3 Bg7 29. Re1 f5 30. Rd4 f4 31. Rxd8 Rxd8 32. Bc5 Rd5 33. e6 Be5 34. b4
a5 35. a3 h5 36. f3 a4 37. Kf1 1-0

[Event "Aeroflot Open A 2016"]
[Site "Moscow RUS"]
[Date "2016.03.04"]
[Round "4.27"]
[White "Pourramezanali, Amirreza"]
[Black "Timofeev, Artyom"]
[Result "1/2-1/2"]
[WhiteElo "2506"]
[BlackElo "2593"]
[PlyCount "23"]
[EventDate "2016.03.01"]

1. e4 c5 2. c3 d5 3. exd5 Qxd5 4. d4 g6 5. Nf3 Bg7 6. Nbd2 cxd4 7. Bc4 Qd8 8.
Qb3 Nh6 9. Nxd4 Bxd4 10. cxd4 O-O 11. d5 Nf5 12. O-O 1/2-1/2

[Event "Aeroflot Open A 2016"]
[Site "Moscow RUS"]
[Date "2016.03.04"]
[Round "4.28"]
[White "Swayams, Mishra"]
[Black "Potkin, Vladimir"]
[Result "1/2-1/2"]
[WhiteElo "2470"]
[BlackElo "2585"]
[PlyCount "86"]
[EventDate "2016.03.01"]

1. d4 d5 2. c4 e6 3. Nc3 c6 4. Nf3 Nf6 5. Bg5 h6 6. Bh4 dxc4 7. e4 g5 8. Bg3 b5
9. e5 Nd5 10. Nd2 Bb7 11. Be2 Qb6 12. Nde4 Nd7 13. a4 a5 14. axb5 cxb5 15. O-O
Nxc3 16. Nxc3 Rd8 17. d5 Bg7 18. dxe6 Nxe5 19. Qe1 Qxe6 20. Nxb5 O-O 21. Qxa5
Qd5 22. f3 Nd3 23. Bxd3 cxd3 24. Nc3 Qb3 25. Qa3 Qxa3 26. Rxa3 f5 27. Rd1 g4
28. Na4 gxf3 29. gxf3 Bxf3 30. Rdxd3 Be4 31. Rxd8 Rxd8 32. Nc3 Bc6 33. Ra6 Bb7
34. Rd6 Rxd6 35. Bxd6 Kf7 36. Kf2 Ke6 37. Bf4 h5 38. Ke3 h4 39. Bg5 Be5 40. Ne2
Bxb2 41. Bxh4 Kf7 42. Bg5 Kg6 43. Bd8 Be5 1/2-1/2

[Event "Aeroflot Open A 2016"]
[Site "Moscow RUS"]
[Date "2016.03.04"]
[Round "4.31"]
[White "Sivuk, Vitaly"]
[Black "Demchenko, Anton"]
[Result "0-1"]
[WhiteElo "2554"]
[BlackElo "2583"]
[PlyCount "86"]
[EventDate "2016.03.01"]

1. e4 e5 2. Nf3 Nc6 3. Bb5 a6 4. Ba4 d6 5. c3 Bd7 6. O-O g6 7. d4 Bg7 8. Bg5
Nge7 9. dxe5 dxe5 10. Nbd2 h6 11. Bh4 g5 12. Bg3 Ng6 13. Ne1 Qf6 14. Nd3 Rd8
15. f3 O-O 16. Qc2 Nf4 17. Nxf4 exf4 18. Bf2 Nb4 19. Qb3 Bxa4 20. Qxa4 Nd3 21.
Qc2 Nxf2 22. Rxf2 b5 23. Nb3 Qb6 24. Kf1 c5 25. c4 a5 26. Nd2 a4 27. Rb1 Rd4
28. b3 axb3 29. axb3 b4 30. g4 Be5 31. Kg2 Rfd8 32. Rh1 Qd6 33. Nb1 Rd1 34.
Rff1 Rd3 35. h4 h5 36. hxg5 hxg4 37. Rh6 Qd7 38. g6 Rxf3 39. Rxf3 gxf3+ 40.
Kxf3 Qd1+ 41. Qxd1 Rxd1 42. gxf7+ Kxf7 43. Rh5 Bd4 0-1

[Event "Aeroflot Open A 2016"]
[Site "Moscow RUS"]
[Date "2016.03.04"]
[Round "4.32"]
[White "Kotronias, Vasilios"]
[Black "Kulaots, Kaido"]
[Result "1-0"]
[WhiteElo "2541"]
[BlackElo "2578"]
[PlyCount "81"]
[EventDate "2016.03.01"]

1. e4 d5 2. exd5 Qxd5 3. Nc3 Qd6 4. d4 Nf6 5. Nf3 g6 6. h3 Bg7 7. Nb5 Qb6 8. c4
c6 9. Nc3 O-O 10. Bd3 Nh5 11. O-O Bxd4 12. Nxd4 Qxd4 13. Bh6 Re8 14. Re1 Nd7
15. Qc2 Nc5 16. Rad1 Qf6 17. Qc1 Ne6 18. Be2 Nhf4 19. Ne4 Qh4 20. Bxf4 Qxf4 21.
Qc2 Ng5 22. Bd3 Bxh3 23. gxh3 Nf3+ 24. Kg2 Nxe1+ 25. Rxe1 Rad8 26. Re3 Rd4 27.
Qe2 Red8 28. b4 b6 29. a3 R8d7 30. c5 Kf8 31. Bc2 f5 32. Rf3 Qe5 33. Qa6 Kg7
34. Ng3 f4 35. Ne2 Rd2 36. Nxf4 Rxc2 37. Qc8 Rdd2 38. Ne6+ Kh6 39. Qf8+ Kh5 40.
Ng7+ Kg5 41. Rg3+ 1-0

[Event "Aeroflot Open A 2016"]
[Site "Moscow RUS"]
[Date "2016.03.04"]
[Round "4.33"]
[White "Sandipan, Chanda"]
[Black "Aravindh, Chithambaram VR"]
[Result "1-0"]
[WhiteElo "2577"]
[BlackElo "2506"]
[PlyCount "95"]
[EventDate "2016.03.01"]

1. d4 Nf6 2. c4 c6 3. Nc3 d5 4. e3 g6 5. Nf3 Bg7 6. Be2 O-O 7. O-O a6 8. a4 a5
9. cxd5 cxd5 10. Qb3 Nc6 11. Bd2 Qd6 12. Nb5 Qb8 13. Rac1 Bd7 14. Rfd1 Rc8 15.
Be1 Bf8 16. Ne5 Nxe5 17. Rxc8 Nf3+ 18. Bxf3 Qxc8 19. Nc3 e6 20. e4 dxe4 21.
Nxe4 Nxe4 22. Bxe4 Bc6 23. Rc1 Bxe4 24. Rxc8 Rxc8 25. Qe3 Bb4 26. h4 Bd5 27. g4
Bxe1 28. Qxe1 Rc4 29. Qe5 Rxa4 30. f4 Ra1+ 31. Kf2 Rh1 32. f5 gxf5 33. gxf5 Rh3
34. fxe6 Rf3+ 35. Ke1 fxe6 36. h5 h6 37. Qb8+ Kg7 38. Qc7+ Kf6 39. Qd8+ Kf5 40.
Qg8 Ke4 41. Qg6+ Kxd4 42. Qxh6 Re3+ 43. Kf2 Rf3+ 44. Ke2 Rh3 45. Qg7+ Kc5 46.
h6 Be4 47. Qe5+ Bd5 48. Qe3+ 1-0

[Event "Aeroflot Open A 2016"]
[Site "Moscow RUS"]
[Date "2016.03.04"]
[Round "4.34"]
[White "Yuffa, Daniil"]
[Black "Kovalev, Vladislav"]
[Result "1/2-1/2"]
[WhiteElo "2502"]
[BlackElo "2560"]
[PlyCount "38"]
[EventDate "2016.03.01"]

1. d4 Nf6 2. c4 g6 3. Nc3 Bg7 4. e4 d6 5. Nf3 O-O 6. Be2 e5 7. O-O exd4 8. Nxd4
Re8 9. f3 Nc6 10. Be3 Nh5 11. Qd2 Nf4 12. Rfd1 Nxd4 13. Bxd4 Bxd4+ 14. Qxd4
Nxe2+ 15. Nxe2 b6 16. Nc3 Bb7 17. Nd5 Bxd5 18. cxd5 Qg5 19. Rac1 Re7 1/2-1/2

[Event "Aeroflot Open A 2016"]
[Site "Moscow RUS"]
[Date "2016.03.04"]
[Round "4.35"]
[White "Igonin, Temur"]
[Black "Bindrich, Falko"]
[Result "1-0"]
[WhiteElo "2470"]
[BlackElo "2557"]
[PlyCount "120"]
[EventDate "2016.03.01"]

1. e4 e5 2. Nf3 Nc6 3. Bc4 Bc5 4. O-O Nf6 5. d3 d6 6. c3 a6 7. Bb3 Ba7 8. Re1
h6 9. Nbd2 O-O 10. Nf1 Be6 11. h3 Re8 12. Bxe6 Rxe6 13. Be3 Bxe3 14. Nxe3 Qd7
15. Nh4 d5 16. Nhf5 Rd8 17. Qf3 Kh7 18. Rad1 g6 19. Ng3 Kg7 20. Nc2 d4 21. Ne2
dxc3 22. bxc3 Qe7 23. Qe3 b6 24. f3 Red6 25. d4 Re8 26. Qc1 Na5 27. f4 Nxe4 28.
fxe5 Rdd8 29. Qf4 f5 30. Ne3 Qg5 31. h4 Qxf4 32. Nxf4 h5 33. d5 Kh6 34. Ne6 Rd7
35. c4 Rde7 36. g4 f4 37. g5+ Kh7 38. Ng4 hxg4 39. Rxe4 Nc6 40. Rde1 Rf7 41.
Nxf4 Nxe5 42. Rxe5 Rxe5 43. Rxe5 Rxf4 44. Re7+ Kg8 45. Rxc7 Rd4 46. Rc6 b5 47.
Rxg6+ Kh7 48. Rh6+ Kg7 49. cxb5 axb5 50. Kg2 Rxd5 51. Kg3 b4 52. Kxg4 Ra5 53.
Rb6 Rxa2 54. Rb7+ Kf8 55. Rxb4 Rg2+ 56. Kh5 Rh2 57. Kh6 Kf7 58. g6+ Kf6 59.
Rf4+ Ke5 60. Rg4 Kd5 1-0

[Event "Aeroflot Open A 2016"]
[Site "Moscow RUS"]
[Date "2016.03.05"]
[Round "5.1"]
[White "Najer, Evgeniy"]
[Black "Gelfand, Boris"]
[Result "1/2-1/2"]
[WhiteElo "2664"]
[BlackElo "2735"]
[PlyCount "31"]
[EventDate "2016.03.01"]

1. e4 c5 2. Nf3 Nc6 3. Bb5 e6 4. O-O Nge7 5. c3 a6 6. Be2 d5 7. exd5 Nxd5 8. d4
cxd4 9. Nxd4 Bd7 10. c4 Nxd4 11. Qxd4 Ne7 12. Qc3 Qc7 13. Nd2 Ng6 14. Nf3 f6
15. Be3 Be7 16. c5 1/2-1/2

[Event "Aeroflot Open A 2016"]
[Site "Moscow RUS"]
[Date "2016.03.05"]
[Round "5.3"]
[White "Vallejo Pons, Francisco"]
[Black "Dubov, Daniil"]
[Result "1/2-1/2"]
[WhiteElo "2677"]
[BlackElo "2634"]
[PlyCount "46"]
[EventDate "2016.03.01"]

1. e4 e5 2. Nf3 Nc6 3. Bb5 a6 4. Ba4 Nf6 5. d3 b5 6. Bb3 Be7 7. a4 b4 8. O-O d6
9. a5 O-O 10. Nbd2 Re8 11. Nc4 Bg4 12. Ba4 Bd7 13. Re1 Rb8 14. Be3 Bf8 15. Bg5
h6 16. Bh4 g5 17. Bg3 Bg7 18. Ne3 Ne7 19. h4 g4 20. Nh2 Bxa4 21. Rxa4 h5 22. f3
Qd7 23. b3 Bh6 1/2-1/2

[Event "Aeroflot Open A 2016"]
[Site "Moscow RUS"]
[Date "2016.03.05"]
[Round "5.4"]
[White "Wen, Yang"]
[Black "Sjugirov, Sanan"]
[Result "1/2-1/2"]
[WhiteElo "2609"]
[BlackElo "2667"]
[PlyCount "34"]
[EventDate "2016.03.01"]

1. d4 Nf6 2. Bg5 e6 3. e4 h6 4. Bxf6 Qxf6 5. c3 d5 6. Bd3 c5 7. Nf3 Nc6 8. O-O
cxd4 9. cxd4 Qd8 10. Nc3 dxe4 11. Bxe4 Be7 12. Qd2 O-O 13. a3 Bd7 14. Rad1 Bf6
15. Ne5 Rb8 16. Nxd7 Qxd7 17. d5 Rbd8 1/2-1/2

[Event "Aeroflot Open A 2016"]
[Site "Moscow RUS"]
[Date "2016.03.05"]
[Round "5.5"]
[White "Goganov, Aleksey"]
[Black "Fedoseev, Vladimir"]
[Result "1/2-1/2"]
[WhiteElo "2575"]
[BlackElo "2664"]
[PlyCount "61"]
[EventDate "2016.03.01"]

1. c4 Nf6 2. Nc3 e5 3. g3 d5 4. cxd5 Nxd5 5. Bg2 Nb6 6. e3 Bb4 7. Nge2 Nc6 8.
O-O O-O 9. d4 exd4 10. Nxd4 Nxd4 11. exd4 c6 12. d5 cxd5 13. Nxd5 Nxd5 14. Qxd5
Qxd5 15. Bxd5 Rd8 16. Bg2 Bg4 17. Bxb7 Rab8 18. Bh1 Be2 19. Bf4 Bxf1 20. Bxb8
Rxb8 21. Kxf1 Bd2 22. b3 Rc8 23. Ke2 Rc1 24. Rxc1 Bxc1 25. Kd3 a5 26. Kc4 Kf8
27. Bd5 Ke7 28. b4 axb4 29. Kxb4 f5 30. a4 f4 31. Kb5 1/2-1/2

[Event "Aeroflot Open A 2016"]
[Site "Moscow RUS"]
[Date "2016.03.05"]
[Round "5.6"]
[White "Zvjaginsev, Vadim"]
[Black "Bartel, Mateusz"]
[Result "1/2-1/2"]
[WhiteElo "2662"]
[BlackElo "2625"]
[PlyCount "107"]
[EventDate "2016.03.01"]

1. e4 e5 2. Nf3 Nc6 3. g3 Nf6 4. d3 Bc5 5. Bg2 O-O 6. O-O d5 7. exd5 Nxd5 8. c3
Bg4 9. h3 Bh5 10. Nbd2 Re8 11. a4 a5 12. Qb3 Nb6 13. Ne4 Bf8 14. Nh4 Qxd3 15.
g4 Nd4 16. Qa2 Ne2+ 17. Kh2 Nxc1 18. Raxc1 Qd8 19. Nf5 Bg6 20. Rcd1 Qc8 21. Nh4
Bxe4 22. Bxe4 Qe6 23. Qxe6 Rxe6 24. Nf3 h6 25. b3 Rb8 26. Kg2 Bd6 27. h4 Rf6
28. Ng1 Nd7 29. Ne2 Nc5 30. Bc2 e4 31. b4 axb4 32. cxb4 Nd3 33. Bxd3 exd3 34.
Rxd3 Bxb4 35. Rc1 Bd6 36. Rc4 b5 37. axb5 Rxb5 38. Rd2 Rb8 39. Rdc2 Re8 40. Nc3
Rf4 41. Rxf4 Bxf4 42. Nd5 Bd6 43. Rc6 Re4 44. Kf3 Rd4 45. Nxc7 Rf4+ 46. Kg3 Be5
47. Rc5 Bd6 48. Rc6 Be5 49. Rc5 Rf5+ 50. Kg2 Rxf2+ 51. Kxf2 Bd4+ 52. Kf3 Bxc5
53. h5 Kf8 54. Ke4 1/2-1/2

[Event "Aeroflot Open A 2016"]
[Site "Moscow RUS"]
[Date "2016.03.05"]
[Round "5.7"]
[White "Grachev, Boris"]
[Black "Inarkiev, Ernesto"]
[Result "1/2-1/2"]
[WhiteElo "2639"]
[BlackElo "2677"]
[PlyCount "21"]
[EventDate "2016.03.01"]

1. d4 d5 2. c4 c6 3. Nf3 Nf6 4. Qc2 dxc4 5. Qxc4 Bg4 6. Nbd2 Nbd7 7. g3 e6 8.
Bg2 Be7 9. O-O O-O 10. Qb3 Nb6 11. e3 1/2-1/2

[Event "Aeroflot Open A 2016"]
[Site "Moscow RUS"]
[Date "2016.03.05"]
[Round "5.9"]
[White "Korobov, Anton"]
[Black "Bachmann, Axel"]
[Result "0-1"]
[WhiteElo "2713"]
[BlackElo "2609"]
[PlyCount "82"]
[EventDate "2016.03.01"]

1. d4 d6 2. Nf3 Nf6 3. c4 g6 4. Nc3 Bg7 5. g3 O-O 6. Bg2 Nbd7 7. O-O e5 8. e4
exd4 9. Nxd4 Re8 10. h3 Nc5 11. Re1 a5 12. Qc2 c6 13. Be3 Qc7 14. Rad1 Be6 15.
b3 Rad8 16. f4 Bc8 17. Bf2 h5 18. Nf3 Nh7 19. Bd4 Bxd4+ 20. Rxd4 Nf8 21. Kh2
Qe7 22. Qf2 Nfe6 23. Rdd1 Qf6 24. Re3 g5 25. f5 Nf8 26. Qd2 Nfd7 27. h4 gxh4
28. Qxd6 Qxd6 29. Rxd6 Ne5 30. Rxd8 Ng4+ 31. Kh3 Rxd8 32. Re2 Rd3 33. Na4 Nxe4
34. Kxh4 Ne3 35. Bh3 Nxf5+ 36. Bxf5 Bxf5 37. Ng5 Nf6 38. Nh3 Kg7 39. Nf4 Rd1
40. Kg5 Bg4 41. Rh2 Ne4+ 0-1

[Event "Aeroflot Open A 2016"]
[Site "Moscow RUS"]
[Date "2016.03.05"]
[Round "5.10"]
[White "Artemiev, Vladislav"]
[Black "Cordova, Emilio"]
[Result "*"]
[WhiteElo "2674"]
[BlackElo "2610"]
[PlyCount "119"]
[EventDate "2016.03.01"]

1. Nf3 Nf6 2. c4 b6 3. d4 e6 4. g3 Bb7 5. Bg2 Bb4+ 6. Bd2 c5 7. O-O O-O 8. Bxb4
cxb4 9. Qd3 a5 10. Nbd2 d6 11. Rfd1 Qc7 12. Ne1 Bxg2 13. Nxg2 Nc6 14. Ne3 Ne7
15. a3 bxa3 16. bxa3 Rac8 17. Rab1 h6 18. Ne4 Nxe4 19. Qxe4 Kh8 20. Qd3 f5 21.
Rb5 f4 22. Ng2 e5 23. Nh4 exd4 24. Qxd4 Rf6 25. Rxb6 Nc6 26. Qb2 Ne5 27. Rb7
Qxc4 28. Rd4 Qc1+ 29. Qxc1 Rxc1+ 30. Kg2 g5 31. gxf4 gxf4 32. Rd5 Rc5 33. Rb5
Rc2 34. Rb7 Rc5 35. Rb8+ Kh7 36. Rb5 Rc2 37. Rb7+ Kg8 38. Rxa5 Rxe2 39. Ra8+
Rf8 40. Raa7 Rf7 41. Rxf7 Nxf7 42. Ng6 Ra2 43. Nxf4 Kg7 44. Nd5 Kg6 45. a4 Ne5
46. Ra6 Nd3 47. Nc3 Rxf2+ 48. Kg3 Rf6 49. Ne4 Rf8 50. Rxd6+ Kf5 51. Rxd3 Kxe4
52. Ra3 Ra8 53. a5 Ra6 54. Ra4+ Kf5 55. Kh4 Ke5 56. Kg4 Rg6+ 57. Kf3 Rf6+ 58.
Ke3 Ra6 59. h3 Kd5 60. Kf4 *

[Event "Aeroflot Open A 2016"]
[Site "Moscow RUS"]
[Date "2016.03.05"]
[Round "5.12"]
[White "Salem, A.R. Saleh"]
[Black "Nepomniachtchi, Ian"]
[Result "1/2-1/2"]
[WhiteElo "2615"]
[BlackElo "2704"]
[PlyCount "53"]
[EventDate "2016.03.01"]

1. d4 Nf6 2. c4 g6 3. Nc3 d5 4. cxd5 Nxd5 5. e4 Nxc3 6. bxc3 Bg7 7. Bc4 c5 8.
Ne2 Nc6 9. Be3 O-O 10. O-O Bg4 11. f3 Bd7 12. Rb1 Rc8 13. Bd3 Na5 14. Qd2 b6
15. Rfc1 Qc7 16. h4 cxd4 17. cxd4 Qd6 18. Ba6 Rxc1+ 19. Rxc1 h5 20. Bf4 e5 21.
dxe5 Qxd2 22. Bxd2 Bxe5 23. Bf4 Bf6 24. Bg5 Be5 25. Bf4 Bf6 26. Bg5 Be5 27. Bf4
1/2-1/2

[Event "Aeroflot Open A 2016"]
[Site "Moscow RUS"]
[Date "2016.03.05"]
[Round "5.13"]
[White "Swiercz, Dariusz"]
[Black "Dragun, Kamil"]
[Result "*"]
[WhiteElo "2665"]
[BlackElo "2594"]
[PlyCount "115"]
[EventDate "2016.03.01"]

1. Nf3 Nf6 2. c4 g6 3. Nc3 Bg7 4. e4 d6 5. d4 O-O 6. Be2 e5 7. O-O exd4 8. Nxd4
Re8 9. f3 c6 10. Kh1 Na6 11. Bg5 h6 12. Bh4 Nc5 13. Qc2 a5 14. Rad1 a4 15. Qc1
Qe7 16. Rfe1 Qf8 17. Bg3 Nh5 18. Bf2 Kh7 19. Qd2 Qh8 20. Bf1 Be6 21. Qc2 Be5
22. g3 Bc8 23. a3 Ng7 24. f4 Bf6 25. Nde2 Be7 26. Bxc5 dxc5 27. Nxa4 Bg4 28. h3
Bf3+ 29. Bg2 Bxe2 30. Rxe2 Ne6 31. Nb6 Ra6 32. Nd7 Nd4 33. Rxd4 Qxd4 34. Rd2
Qe3 35. Kh2 Rd8 36. Rd3 Qe1 37. e5 Raa8 38. Rd1 Qe3 39. Rd3 Qe1 40. h4 h5 41.
f5 Rg8 42. Rf3 Rad8 43. Qd3 Rxd7 44. Qxd7 Qxe5 45. fxg6+ fxg6 46. Qxb7 Rg7 47.
Qxc6 Bxh4 48. Qd5 Bf6 49. b4 cxb4 50. Qxe5 Bxe5 51. axb4 h4 52. Kh3 hxg3 53. c5
Kh6 54. Kg4 Rb7 55. Rb3 Rf7 56. Rf3 Rb7 57. Rb3 Rf7 58. Rf3 *

[Event "Aeroflot Open A 2016"]
[Site "Moscow RUS"]
[Date "2016.03.05"]
[Round "5.14"]
[White "Savchenko, Boris"]
[Black "Motylev, Alexander"]
[Result "1/2-1/2"]
[WhiteElo "2610"]
[BlackElo "2655"]
[PlyCount "28"]
[EventDate "2016.03.01"]

1. e4 e5 2. Nf3 Nf6 3. Nxe5 d6 4. Nf3 Nxe4 5. Qe2 Qe7 6. d3 Nf6 7. Bg5 Nbd7 8.
Nc3 Qxe2+ 9. Bxe2 h6 10. Be3 a6 11. Ne4 Be7 12. O-O O-O 13. Nxf6+ Bxf6 14. c3
Re8 1/2-1/2

[Event "Aeroflot Open A 2016"]
[Site "Moscow RUS"]
[Date "2016.03.05"]
[Round "5.15"]
[White "Sasikiran, Krishnan"]
[Black "Predke, Alexandr"]
[Result "1/2-1/2"]
[WhiteElo "2637"]
[BlackElo "2508"]
[PlyCount "76"]
[EventDate "2016.03.01"]

1. e4 e5 2. Nf3 Nc6 3. Bb5 a6 4. Ba4 d6 5. c3 Nf6 6. d4 b5 7. Bb3 Be7 8. O-O
Bg4 9. Be3 d5 10. exd5 Nxd5 11. Nbd2 O-O 12. Qb1 exd4 13. cxd4 Qd7 14. a3 Bf5
15. Qa2 Be6 16. Rac1 f6 17. Qb1 Bf5 18. Ne4 Kh8 19. Rfe1 Be6 20. Nc3 Bf5 21.
Bc2 Bxc2 22. Qxc2 Nxe3 23. Rxe3 Na5 24. Rce1 Bd6 25. Qe2 Nc4 26. Re4 Qf7 27. g3
Nb6 28. Re6 Rad8 29. Nh4 f5 30. Nf3 Qh5 31. Ne5 Qxe2 32. Rxe2 Kg8 33. Nc6 Ra8
34. d5 g6 35. f4 Kf7 36. Ne5+ Kg7 37. Nc6 Kf7 38. Ne5+ Kg7 1/2-1/2